000
00316nam a22001337a 4500
008
181024b xxu||||| |||| 00| 0 eng d
020
_a
9780078025426
041
_a
eng
080
_2
3 ed
_a
330.722
100
_a
62
101
_a
kon
245
_a
Mnagerial Accouting For Managers
_c
Brewer.N.G
942
_2
udc
_c
BK
999
_c
50876
_d
50876